Psicoterapia breve / (Record no. 175200)

MARC details
000 -LEADER
campo de control de longitud fija 00763nam a22002175i 4500
001 - NÚMERO DE CONTROL
campo de control 175200
003 - IDENTIFICADOR DE NÚMERO DE CONTROL
campo de control ES-MaACL
005 - FECHA Y HORA DE LA ÚLTIMA TRANSACCIÓN
campo de control 20250822040308.0
008 - DATOS DE LONGITUD FIJA--INFORMACIÓN GENERAL
campo de control de longitud fija 101014s1968 sp |||| | spa d
080 ## - NÚMERO DE LA CLASIFICACIÓN DECIMAL UNIVERSAL
Número de la Clasificación Decimal Universal 615.851
100 1# - ENTRADA PRINCIPAL--NOMBRE DE PERSONA
Nombre de persona Wolberg, Lewis R.
9 (RLIN) 143596
245 10 - MENCIÓN DEL TÍTULO
Título Psicoterapia breve /
Mención de responsabilidad, etc. Lewis R. Wolberg, con nueve colaboradores ; versión española de Cecilio Sánchez Gil.
260 ## - PUBLICACIÓN, DISTRIBUCIÓN, ETC.
Lugar de publicación, distribución, etc. Madrid :
Nombre del editor, distribuidor, etc. Gredos,
Fecha de publicación, distribución, etc. [1968]
300 ## - DESCRIPCIÓN FÍSICA
Extensión 350 p. ;
Dimensiones 24 cm.
490 1# - MENCIÓN DE SERIE
Mención de serie Biblioteca de psicología y psicoterapia ;
Designación de volumen o secuencia 14
650 #4 - PUNTO DE ACCESO ADICIONAL DE MATERIA--TÉRMINO DE MATERIA
Término de materia o nombre geográfico como elemento de entrada Psicoterapia.
9 (RLIN) 16579
700 1# - ENTRADA AGREGADA--NOMBRE PERSONAL
Nombre de persona Sánchez Gil, Cecilio.
9 (RLIN) 102671
830 10 - PUNTO DE ACCESO ADICIONAL DE SERIE-TÍTULO UNIFORME
Título uniforme Biblioteca de psicología y psicoterapia
Designación de volumen o secuencia 14
9 (RLIN) 189553
852 4# - LOCALIZACIÓN
Ubicación ES-MaACL
Número de control de estantería E-13369
Encuadernación Olim P-527-Ter
Holdings
Estatus retirado Estado de pérdida Estado de daño No para préstamo Biblioteca de origen Biblioteca actual Ubicación en estantería Fecha de adquisición Fuente de adquisición Total de préstamos Signatura topográfica completa Código de barras Visto por última vez Precio de reemplazo Tipo de ítem Koha
        Biblioteca del Ateneo de Madrid Biblioteca del Ateneo de Madrid Depósito 2 14/10/2010     E-13369 1183962 23/02/2023 23/02/2023 Libro impreso